ARRUPE JESUIT UNIVERSITY

CORONAVIRUS -STOP THE SPREAD - CLEAN,DISINFECT,COVER

Women, violence, and conflict resolution : (Record no. 128544)

MARC details
000 -LEADER
fixed length control field 01225cam a2200313 a 4500
001 - CONTROL NUMBER
control field 14916221
003 - CONTROL NUMBER IDENTIFIER
control field ARRUPE
005 - DATE AND TIME OF LATEST TRANSACTION
control field 20181112144957.0
008 - FIXED-LENGTH DATA ELEMENTS--GENERAL INFORMATION
fixed length control field 070705s2007 rh b 000 0 eng
010 ## - LIBRARY OF CONGRESS CONTROL NUMBER
LC control number 2007380818
040 ## - CATALOGING SOURCE
Original cataloging agency DLC
Transcribing agency DLC
042 ## - AUTHENTICATION CODE
Authentication code lcode
043 ## - GEOGRAPHIC AREA CODE
Geographic area code fe-----
-- fs-----
050 00 - LIBRARY OF CONGRESS CALL NUMBER
Classification number HV6593.A3 W872
300 ## - PHYSICAL DESCRIPTION
Dimensions 21 cm.
100 ## - MAIN ENTRY--PERSONAL NAME
Personal name Kashonda, Maria et al.
9 (RLIN) 43371
245 00 - TITLE STATEMENT
Title Women, violence, and conflict resolution :
Remainder of title perspectives from eastern and southern Africa.
Statement of responsibility, etc /by Maria Kachonda et al.
260 ## - PUBLICATION, DISTRIBUTION, ETC. (IMPRINT)
Place of publication, distribution, etc Harare :
Name of publisher, distributor, etc African Forum for Catholic Social Teaching,
Date of publication, distribution, etc 2007.
300 ## - PHYSICAL DESCRIPTION
Extent 48 p . ;
490 0# - SERIES STATEMENT
Series statement AFCAST series
504 ## - BIBLIOGRAPHY, ETC. NOTE
Bibliography, etc Includes bibliographical references (p. 47).
650 #0 - SUBJECT ADDED ENTRY--TOPICAL TERM
Topical term or geographic name as entry element Women
General subdivision Violence against
Geographic subdivision Africa, Eastern.
9 (RLIN) 43372
650 #0 - SUBJECT ADDED ENTRY--TOPICAL TERM
Topical term or geographic name as entry element Sexual abuse victis
Geographic subdivision Africa
9 (RLIN) 43373
650 #0 - SUBJECT ADDED ENTRY--TOPICAL TERM
Topical term or geographic name as entry element Abused wives
Geographic subdivision Africa
9 (RLIN) 43374
710 2# - ADDED ENTRY--CORPORATE NAME
Corporate name or jurisdiction name as entry element African Forum for Catholic Social Teachings.
9 (RLIN) 43375
906 ## - LOCAL DATA ELEMENT F, LDF (RLIN)
a 7
b cbc
c origode
d 3
e ncip
f 20
g y-gencatlg
942 ## - ADDED ENTRY ELEMENTS (KOHA)
Source of classification or shelving scheme Library of Congress Classification
Koha item type Monograph ( Printed materials)
Holdings
Withdrawn status Lost status Source of classification or shelving scheme Damaged status Not for loan Collection code Home library Current library Shelving location Date acquired Total Checkouts Full call number Barcode Date last seen Price effective from Koha item type
    Library of Congress Classification     Main Collection ARRUPE LIBRARY ARRUPE LIBRARY Main Collection 12/11/2018   HV6593.A3 W872 46600002836 12/11/2018 12/11/2018 Monograph ( Printed materials)

 

Arrupe Library. PO Box MP320 Mt Pleasant, Harare, Zimbabwe
263 242 745411|librarian@aju.ac.zw